| 000 | 00878nam a22002177a 4500 | ||
|---|---|---|---|
| 999 |
_c9298 _d9298 |
||
| 003 | AR-CdUCM | ||
| 008 | 190327b ||||| |||| 00| 0 spa d | ||
| 020 | _a9972-824-00-4 | ||
| 040 |
_aMUNICIPALIDAD PROVINCIAL DEL CUSCO _cBIBLIOTECA MUNICIPAL DEL CUSCO |
||
| 082 |
_a333.4 / _bN13 |
||
| 110 |
_aConsejo nacional del ambiente _925407 |
||
| 245 |
_aEcoturismo en el Perú : _bBases para su desarrollo sostenible / |
||
| 260 |
_aLima : _bConsejo nacional del ambiente, _c1999. |
||
| 300 |
_a54 páginas ; _bIlustraciones, _c29 cm. |
||
| 505 | _aEcoturismo en el Perú: redescubriendo a la pachamama -- Ecoturismo como alternativa de uso sostenible de la diversidad biológica -- Experiencias en ecoturismo en el Perú ... | ||
| 650 |
_aEcoturismo _925408 |
||
| 650 |
_aDesarrollo sostenible _94163 |
||
| 650 |
_aRecursos naturales _91988 |
||
| 942 |
_2ddc _cLIBROS |
||
| 945 | _aacv | ||